شبنمستاں / (Record no. 107622)

MARC details
000 -LEADER
fixed length control field 00883nam a22002537a 4500
005 - DATE AND TIME OF LATEST TRANSACTION
control field 20170123162329.0
010 ## - LIBRARY OF CONGRESS CONTROL NUMBER
LC control number 385293
020 ## - INTERNATIONAL STANDARD BOOK NUMBER
Terms of availability 5.00
035 ## - SYSTEM CONTROL NUMBER
System control number 385293
037 ## - SOURCE OF ACQUISITION
Source of stock number/acquisition Cen Lib/Ret
040 ## - CATALOGING SOURCE
Original cataloging agency DPL
Language of cataloging UR
082 ## - DEWEY DECIMAL CLASSIFICATION NUMBER
Classification number 841
Item number ر گ ه
100 ## - MAIN ENTRY--PERSONAL NAME
Personal name رگھوپتی سہاۓ فراق گورکھپوری
9 (RLIN) 120416
245 ## - TITLE STATEMENT
Title شبنمستاں /
Statement of responsibility, etc رگھوپتی سہاۓ فراق گورکھپوری
246 ## - VARYING FORM OF TITLE
Title proper/short title Shabnamistan /
Remainder of title by Raghupati sahaye Firaq Gorakhpuri
260 ## - PUBLICATION, DISTRIBUTION, ETC. (IMPRINT)
Place of publication, distribution, etc الہآباد
Name of publisher, distributor, etc ساہتیہ کالا بھون
Date of publication, distribution, etc 1960
270 ## - ADDRESS
City الہآباد
Address ١٨.اے. مہاتما گاندھی مارگ
300 ## - PHYSICAL DESCRIPTION
Extent 201p.
Dimensions 21cm(Hb)
650 ## - SUBJECT ADDED ENTRY--TOPICAL TERM
Topical term or geographic name as entry element ادب - اردو
9 (RLIN) 120417
650 ## - SUBJECT ADDED ENTRY--TOPICAL TERM
Topical term or geographic name as entry element اردو شاعری
9 (RLIN) 120418
650 ## - SUBJECT ADDED ENTRY--TOPICAL TERM
Topical term or geographic name as entry element Literature -- Urdu
9 (RLIN) 120419
650 ## - SUBJECT ADDED ENTRY--TOPICAL TERM
Topical term or geographic name as entry element Urdu poetry
9 (RLIN) 120420
942 ## - ADDED ENTRY ELEMENTS (KOHA)
Source of classification or shelving scheme Dewey Decimal Classification
Koha item type Urdu Bks
Classification part 841
Call number suffix ر گ ه
Holdings
Withdrawn status Lost status Damaged status Not for loan Home library Current library Date acquired Source of acquisition Cost, normal purchase price Total Checkouts Full call number Barcode Date last seen Copy number Cost, replacement price Price effective from Koha item type
        Central Library Central Library 09/01/2016 Cen Lib/Ret 5.00   841 ر گ ه 385293 09/01/2016 1 5.00 09/01/2016 Urdu Bks

© Delhi Public Library
Hit Counter
free hit counter